[Event "Elit(Team Viking-Farsta)"]
[Site "?"]
[Date "2010.02.27"]
[Round "8"]
[White "Agrest, Evgenij"]
[Black "Backelin, Rikard"]
[Result "1-0"]
[WhiteElo "2680"]
[BlackElo "2428"]
[PlyCount "77"]
[SourceDate "2010.03.03"]

1. c4 e6 2. Nf3 Nf6 3. Nc3 Bb4 4. Qc2 c5 5. a3 Bxc3 6. Qxc3 O-O 7. e3 b6 8. Be2
Bb7 9. b4 Ne4 10. Qc2 Qf6 11. Bb2 Qg6 12. d3 Nd6 13. h4 f6 14. e4 e5 15. h5
Qxg2 16. Rg1 Qh3 17. bxc5 bxc5 18. Nxe5 Qh2 19. Nf3 Qxh5 20. O-O-O Nc6 21. Rh1
Qe8 22. Rdg1 Qe7 23. Qd2 g6 24. Nh4 Qg7 25. f4 Rab8 26. Bh5 Ne7 27. Rh2 Bxe4
28. dxe4 Nxc4 29. Qxd7 Rxb2 30. Rxb2 Nxb2 31. Kxb2 Rb8+ 32. Ka1 f5+ 33. e5 Qf7
34. Qd2 Kf8 35. Qc3 gxh5 36. e6 Qxe6 37. Qh8+ Ng8 38. Qg7+ Ke8 39. Qxg8+ 1-0

[Event "Elit(Team Viking-Farsta)"]
[Site "?"]
[Date "2010.02.27"]
[Round "8"]
[White "Ong, Kezli"]
[Black "Volodin, Aleksandr"]
[Result "0-1"]
[WhiteElo "2325"]
[BlackElo "2438"]
[PlyCount "118"]

1. e4 c5 2. Nf3 e6 3. d4 cxd4 4. Nxd4 Nc6 5. Nc3 Qc7 6. f4 a6 7. Nxc6 Qxc6 8.
Bd3 Bc5 9. Qg4 Kf8 10. Bd2 b5 11. e5 f5 12. exf6 Nxf6 13. Qg5 h6 14. Qg6 Bb7
15. O-O-O Qxg2 16. Rhf1 Qxg6 17. Bxg6 Ke7 18. f5 e5 19. Rfe1 d6 20. Be3 Rac8
21. Rd2 Rhd8 22. Bxc5 Rxc5 23. Red1 d5 24. a3 d4 25. Na2 Rdc8 26. Kb1 Bf3 27.
Re1 Be4 28. Nb4 Kd6 29. Rde2 a5 30. Nd3 Bxd3 31. cxd3 R8c7 32. Ka2 Nd5 33. h4
a4 34. Kb1 Nf4 35. Rd2 Ke7 36. Rg1 Kf6 37. Bh7 Rc8 38. Bg6 R5c7 39. Bh7 Re7 40.
Bg6 e4 41. dxe4 Rxe4 42. Bh7 d3 43. Rf2 Rce8 44. Rff1 Rc4 45. Ka2 Rd8 46. Rf2
Rh8 47. Bg6 Rd8 48. Bh7 Re8 49. Rd1 Re2 50. Rff1 b4 51. axb4 Rxb4 52. Rxf4 Rxf4
53. Rxd3 Rb4 54. Rd6+ Ke7 55. Ra6 Rexb2+ 56. Ka1 Rg2 57. Ra7+ Kd6 58. Ra6+ Ke7
59. h5 Rf4 0-1

[Event "Elit(Team Viking-Farsta)"]
[Site "?"]
[Date "2010.02.27"]
[Round "8"]
[White "Sagit, Rauan"]
[Black "Hjelm, Niclas"]
[Result "1-0"]
[WhiteElo "2447"]
[BlackElo "2397"]
[PlyCount "78"]

1. e4 e5 2. Nf3 Nc6 3. Bb5 Nf6 4. Nc3 Bd6 5. O-O O-O 6. a4 Re8 7. Bc4 h6 8. d3
Bf8 9. h3 d6 10. Re1 Be6 11. Bb5 Bd7 12. Bd2 Ne7 13. d4 c6 14. Bf1 Qc7 15. a5
b5 16. a6 Rab8 17. b4 Ng6 18. g3 c5 19. d5 c4 20. Be3 Nh7 21. Bg2 Be7 22. Kh2
Rf8 23. Ng1 Bg5 24. Bxg5 hxg5 25. Qd2 f6 26. Rf1 Kf7 27. Bf3 Rh8 28. Bg4 Bxg4
29. hxg4 Qd7 30. Qe2 Nf4 31. gxf4 gxf4 32. Kg2 Ng5 33. f3 Rh4 34. Rf2 Rbh8 35.
Kf1 Rh1 36. Rg2 R8h3 37. Nd1 Qc7 38. Nf2 Rxf3 39. Rh2 Rxg1+ 1-0

[Event "Elit(Team Viking-Farsta)"]
[Site "?"]
[Date "2010.02.27"]
[Round "8"]
[White "Iversen, Kent"]
[Black "Degerman, Lars"]
[Result "0-1"]
[WhiteElo "2078"]
[BlackElo "2453"]
[PlyCount "88"]

1. d4 d5 2. c4 dxc4 3. e3 Nf6 4. Bxc4 e6 5. Nc3 a6 6. a4 c5 7. Nf3 Nc6 8. O-O
Be7 9. Qe2 cxd4 10. Rd1 O-O 11. exd4 Nb4 12. Bf4 b6 13. Ne5 Bb7 14. Rac1 Nfd5
15. Bd2 Bg5 16. Nxd5 Nxd5 17. Bd3 Nf4 18. Bxf4 Bxf4 19. Rc4 Qg5 20. Be4 Bxe4
21. Qxe4 Bxh2+ 22. Kf1 Bxe5 23. dxe5 Qh5 24. Rcd4 Rac8 25. b4 g6 26. Kg1 b5 27.
a5 Qg5 28. g3 Rc3 29. Qb7 Rfc8 30. Qxa6 Rxg3+ 31. fxg3 Qxg3+ 32. Kf1 Qf3+ 33.
Kg1 Rc3 34. R4d3 Rxd3 35. Rxd3 Qxd3 36. Qc8+ Kg7 37. Qc5 h5 38. Qb6 h4 39. Qb7
Qg3+ 40. Kh1 Qe1+ 41. Kg2 g5 42. a6 g4 43. a7 h3+ 44. Kh2 Qf2+ 0-1

[Event "Elit(Team Viking-Farsta)"]
[Site "?"]
[Date "2010.02.27"]
[Round "8"]
[White "Lindberg, Bo"]
[Black "Wieweg, Johnny"]
[Result "1-0"]
[WhiteElo "2431"]
[BlackElo "2215"]
[PlyCount "57"]

1. d4 Nf6 2. Bg5 d5 3. e3 c6 4. Bd3 Nbd7 5. Nf3 g6 6. O-O Bg7 7. c4 h6 8. Bh4
O-O 9. Nc3 dxc4 10. Bxc4 b5 11. Bb3 b4 12. Na4 g5 13. Bg3 Ba6 14. Re1 Ne4 15.
Rc1 Rc8 16. Be5 Nxe5 17. Nxe5 Bb5 18. Qf3 Bxe5 19. Qxe4 Bg7 20. Nc5 a5 21. a4
bxa3 22. bxa3 a4 23. Bxa4 Bxa4 24. Nxa4 Qd6 25. Nb6 Rc7 26. Rc5 e5 27. Nc4 Qe6
28. Nxe5 f5 29. Qc2 1-0

[Event "Elit(Team Viking-Farsta)"]
[Site "?"]
[Date "2010.02.27"]
[Round "8"]
[White "Wisdahl, Peter"]
[Black "Poley, Vladimir"]
[Result "0-1"]
[WhiteElo "2019"]
[BlackElo "2416"]
[PlyCount "104"]

1. e4 g6 2. d4 Bg7 3. Nf3 c6 4. Be2 d5 5. exd5 cxd5 6. O-O Nc6 7. Re1 Nf6 8. b3
O-O 9. Bb2 Ne4 10. c4 dxc4 11. bxc4 Bg4 12. Nbd2 Nxd2 13. Qxd2 Bxf3 14. Bxf3
Nxd4 15. Bxd4 Bxd4 16. Rab1 Bc5 17. Red1 Qxd2 18. Rxd2 Rad8 19. Rbd1 Rxd2 20.
Rxd2 b6 21. Rd7 a5 22. a4 Kg7 23. Kf1 Kf6 24. Bd5 Rc8 25. Bb7 Rb8 26. Bd5 Ke5
27. Ke2 f5 28. h4 h6 29. g3 g5 30. h5 Rf8 31. f3 Kd4 32. Kd2 Bb4+ 33. Ke2 Bd6
34. Rb7 e6 35. Rxb6 Bxg3 36. Rxe6 Rh8 37. Ra6 Bc7 38. Ra7 Re8+ 39. Kf2 Bb6 40.
Rh7 Kd3+ 41. Kf1 Be3 42. Rxh6 Rb8 43. Rg6 Rb1+ 44. Kg2 Rb2+ 45. Kh1 Ke2 46. f4
Bxf4 47. Kg2 Ke1+ 48. Kg1 Be3+ 49. Kh1 Kf2 50. c5 Rb1+ 51. Kh2 Bf4+ 52. Kh3 Rd1
0-1

[Event "Elit(Team Viking-Farsta)"]
[Site "?"]
[Date "2010.02.27"]
[Round "8"]
[White "Agrest, Inna"]
[Black "Ong, Kevin"]
[Result "1-0"]
[WhiteElo "2381"]
[BlackElo "2049"]
[PlyCount "45"]

1. e4 e5 2. Nf3 Nc6 3. Bb5 a6 4. Ba4 Nf6 5. O-O b5 6. Bb3 Be7 7. Re1 O-O 8. h3
Bb7 9. c3 d5 10. d4 Nxe4 11. dxe5 Na5 12. Bc2 c5 13. Nbd2 f5 14. exf6 Nxf6 15.
Ng5 Re8 16. Ndf3 Ne4 17. Ne6 Qb6 18. Nfg5 Bf6 19. Qg4 Nxg5 20. Bxg5 Bxg5 21.
Nxg5 g6 22. Rxe8+ Rxe8 23. Qd7 1-0

[Event "Elit(Wasa-Limhamn)"]
[Site "?"]
[Date "2010.02.27"]
[Round "8"]
[White "Ahlander, Bjorn"]
[Black "Wedberg, Tom"]
[Result "0-1"]
[WhiteElo "2520"]
[BlackElo "2560"]
[PlyCount "68"]
[SourceDate "2010.03.03"]

1. d4 Nf6 2. c4 e6 3. Nc3 Bb4 4. e3 b6 5. f3 O-O 6. e4 c5 7. d5 exd5 8. cxd5 d6
9. Bd3 Nbd7 10. Nge2 Ne5 11. Bc2 b5 12. O-O Qb6 13. Kh1 c4 14. Bg5 Nfd7 15. Qe1
f6 16. Bd2 Nc5 17. f4 Ned3 18. Qh4 Bxc3 19. Nxc3 b4 20. Na4 Nxa4 21. Bxa4 Qd4
22. f5 c3 23. bxc3 bxc3 24. Bc6 Rb8 25. Bf4 Qxe4 26. Qg3 Nxf4 27. Rxf4 Rb1+ 28.
Rf1 c2 29. Qxd6 Rxa1 30. Rxa1 Qe3 31. h3 c1=Q+ 32. Rxc1 Qxc1+ 33. Kh2 Qc3 34.
Kh1 Qe1+ 0-1

[Event "Elit(Wasa-Limhamn)"]
[Site "?"]
[Date "2010.02.27"]
[Round "8"]
[White "Soderberg, Per"]
[Black "Brynell, Stellan"]
[Result "0-1"]
[WhiteElo "2209"]
[BlackElo "2565"]
[PlyCount "60"]

1. e4 e6 2. d4 d5 3. Nc3 Nf6 4. Bg5 Bb4 5. e5 h6 6. Bd2 Bxc3 7. bxc3 Ne4 8. Bd3
Nxd2 9. Qxd2 c5 10. f4 Qa5 11. Nf3 Nc6 12. a4 Bd7 13. Bb5 Nxe5 14. Nxe5 Bxb5
15. dxc5 Rc8 16. Qd4 Ba6 17. c6 bxc6 18. Qxa7 O-O 19. Ra3 f6 20. Nd7 Rf7 21.
Qb6 Qxb6 22. Nxb6 Rb8 23. a5 e5 24. f5 Ra7 25. Kd2 Kf7 26. Ke3 Ke7 27. Rb1 Bb5
28. Rbb3 Rd8 29. Rb4 Kd6 30. Rg4 Re8 0-1

[Event "Elit(Wasa-Limhamn)"]
[Site "?"]
[Date "2010.02.27"]
[Round "8"]
[White "Jepson, Christian"]
[Black "Astrom, Goran"]
[Result "1/2-1/2"]
[WhiteElo "2463"]
[BlackElo "2299"]
[PlyCount "110"]

1. c4 Nf6 2. g3 e5 3. Bg2 d5 4. cxd5 Nxd5 5. Nf3 Nc6 6. O-O Nb6 7. d3 Be7 8. a3
Be6 9. Nc3 O-O 10. b4 f6 11. Rb1 Nd4 12. Nd2 Nd5 13. Bb2 Nxc3 14. Bxc3 Bd5 15.
Bxd5+ Qxd5 16. Bxd4 exd4 17. Qb3 Rad8 18. Rfc1 c6 19. Nf3 Qxb3 20. Rxb3 Rd5 21.
Kf1 Rfd8 22. Nd2 R8d7 23. Nc4 Bd8 24. a4 a6 25. h4 h5 26. Rb2 Kf7 27. Rcb1 b5
28. Nd2 bxa4 29. Ra1 a5 30. Rxa4 axb4 31. Raxb4 Ba5 32. Rc4 Bxd2 33. Rxd2 c5
34. Rb2 Rc7 35. Ra4 Ke6 36. Rb5 Rd6 37. Ra8 g6 38. Rg8 Kf5 39. Re8 g5 40. Rh8
Kg6 41. hxg5 fxg5 42. Rbb8 h4 43. Rbg8+ Kf7 44. Rxg5 hxg3 45. Rxg3 Rdc6 46. Kg2
c4 47. Rh7+ Kf6 48. Rh6+ Kf5 49. Rh5+ Kf6 50. dxc4 Rxc4 51. Rh6+ Kf5 52. Rh4
Rc2 53. Rf3+ Ke5 54. Rh8 Re7 55. Rh5+ Ke4 1/2-1/2

[Event "Elit(Wasa-Limhamn)"]
[Site "?"]
[Date "2010.02.27"]
[Round "8"]
[White "Nordstrom, Felix"]
[Black "Schneider, Stefan"]
[Result "0-1"]
[WhiteElo "2191"]
[BlackElo "2425"]
[PlyCount "70"]

1. e4 e6 2. d4 d5 3. Nc3 Nf6 4. Bg5 Bb4 5. exd5 Qxd5 6. Bxf6 Bxc3+ 7. bxc3 gxf6
8. Qg4 Nd7 9. Bd3 h5 10. Qf3 Qxf3 11. Nxf3 Nb6 12. O-O-O Bd7 13. c4 Na4 14. Kd2
c5 15. Rb1 O-O-O 16. Ke3 Rhg8 17. g3 Bc6 18. dxc5 Kc7 19. Rhe1 e5 20. Nd2 Nxc5
21. h4 Rg4 22. Nb3 Ne6 23. Rg1 b6 24. f3 Rgg8 25. g4 Rh8 26. g5 fxg5 27. hxg5
Nf4 28. Rh1 h4 29. Nd2 Rdg8 30. Rbg1 h3 31. Ne4 Bxe4 32. Kxe4 Kd6 33. Kf5 Ng2
34. Bf1 Rh4 35. Rxh3 Rf4# 0-1

[Event "Elit(Wasa-Limhamn)"]
[Site "?"]
[Date "2010.02.27"]
[Round "8"]
[White "Eriksson, Magnus"]
[Black "Berkell, Peder"]
[Result "1-0"]
[WhiteElo "2443"]
[BlackElo "2171"]
[PlyCount "77"]

1. d4 g6 2. c4 f5 3. g3 Nf6 4. Bg2 Bg7 5. Nf3 O-O 6. O-O d6 7. Nc3 c6 8. d5 e5
9. dxe6 Bxe6 10. b3 Na6 11. Bb2 Qe7 12. Ng5 Rad8 13. Nxe6 Qxe6 14. Qc2 Nc5 15.
Rad1 Rfe8 16. e3 Qe7 17. Ne2 Nce4 18. Nf4 Qf7 19. Nd3 Qe7 20. Rfe1 Qc7 21. Qc1
Qf7 22. c5 Nxc5 23. Nxc5 dxc5 24. Qxc5 Nd7 25. Qc2 Bxb2 26. Qxb2 Nb6 27. h4 h5
28. Qa3 Qc7 29. Qc5 Rxd1 30. Rxd1 Rd8 31. Rd4 Rd7 32. Rxd7 Qxd7 33. e4 fxe4 34.
Bxe4 Qe6 35. Qd4 Nd7 36. Bxg6 Qxg6 37. Qxd7 Qb1+ 38. Kg2 Qxa2 39. Qc8+ 1-0

[Event "Elit(Wasa-Limhamn)"]
[Site "?"]
[Date "2010.02.27"]
[Round "8"]
[White "Collett, Peter"]
[Black "Eklund, Joel"]
[Result "1/2-1/2"]
[WhiteElo "2172"]
[BlackElo "2273"]
[PlyCount "118"]

1. d4 Nf6 2. c4 c5 3. d5 e6 4. Nc3 exd5 5. cxd5 d6 6. e4 g6 7. f4 Bg7 8. Bb5+
Nfd7 9. a4 O-O 10. Nf3 Na6 11. O-O Nc7 12. Bd3 a6 13. Bd2 Rb8 14. Be1 b5 15.
Bh4 Bf6 16. Bxf6 Nxf6 17. axb5 axb5 18. Qd2 Re8 19. Rae1 Bg4 20. h3 Bxf3 21.
Rxf3 c4 22. Bb1 Na6 23. Kh2 Nc5 24. Rfe3 b4 25. Nd1 Nb3 26. Qc2 Rc8 27. Nf2 Qb6
28. Ng4 Nxg4+ 29. hxg4 Qd4 30. Rh3 Nc5 31. Qe2 c3 32. bxc3 bxc3 33. Qe3 Nb3 34.
Bc2 Qxe3 35. Rhxe3 Nd4 36. Ba4 Re7 37. Rc1 Ra7 38. Bc6 c2 39. Rd3 Nxc6 40. dxc6
Rxc6 41. Rd2 Ra2 42. Kg1 f6 43. Kf2 Kf7 44. Rd3 Rb2 45. Ke2 Rb4 46. Re3 Rd4 47.
g3 Rdc4 48. Rd3 Rxe4+ 49. Kf3 Re6 50. Kf2 Ke7 51. Rd2 Kd7 52. Rdxc2 Rxc2+ 53.
Rxc2 d5 54. Ra2 Rc6 55. Ra3 g5 56. Ra7+ Rc7 57. Ra6 Rc6 58. Ra7+ Rc7 59. Ra6
Rc6 1/2-1/2

[Event "Elit(Wasa-Limhamn)"]
[Site "?"]
[Date "2010.02.27"]
[Round "8"]
[White "Penalver, Osmani"]
[Black "Safholm, Sten"]
[Result "1-0"]
[WhiteElo "2312"]
[BlackElo "2042"]
[PlyCount "99"]

1. d4 Nf6 2. c4 e6 3. Nc3 Bb4 4. f3 c5 5. d5 exd5 6. cxd5 O-O 7. e4 Re8 8. Nge2
d6 9. a3 Ba5 10. Nf4 Nbd7 11. Be2 Ne5 12. O-O Bd7 13. Rb1 Rc8 14. Kh1 c4 15. b4
cxb3 16. Nb5 Qb6 17. Rxb3 Rxc1 18. Qxc1 a6 19. Qb1 axb5 20. Bxb5 Bxb5 21. Rxb5
Qe3 22. Rxa5 Qxf4 23. Qc1 Qxc1 24. Rxc1 Nd3 25. Rb1 Nc5 26. Rb6 Rc8 27. h4 Ne8
28. Kg1 f6 29. Kf2 Kf8 30. Ke3 Ke7 31. f4 Kd7 32. Ra7 Nc7 33. Kf3 N7a6 34. h5
Kc7 35. Rc6+ Kb8 36. Ra8+ Kxa8 37. Rxc8+ Ka7 38. Rg8 h6 39. Rxg7 Kb8 40. Rh7
Kc8 41. Rxh6 Kd8 42. Rxf6 Ke7 43. e5 dxe5 44. fxe5 Nd7 45. d6+ Ke8 46. Re6+ Kf8
47. h6 Kg8 48. Re8+ Kh7 49. Re7+ Kxh6 50. Rxd7 1-0

[Event "Elit(Wasa-Limhamn)"]
[Site "?"]
[Date "2010.02.27"]
[Round "8"]
[White "Aurehl, Bo"]
[Black "Holst, Conny"]
[Result "0-1"]
[WhiteElo "2067"]
[BlackElo "2272"]
[PlyCount "74"]

1. e4 c5 2. c3 g6 3. d4 cxd4 4. cxd4 d5 5. exd5 Nf6 6. Nc3 Bg7 7. Bb5+ Nbd7 8.
Nf3 O-O 9. d6 exd6 10. O-O a6 11. Ba4 b5 12. Bb3 Nb6 13. Bg5 h6 14. Bh4 Re8 15.
Bc2 Bb7 16. h3 Rc8 17. a4 b4 18. Na2 Bxf3 19. gxf3 Qd7 20. Nxb4 Qxh3 21. Bg3
Nc4 22. Bh2 Nxb2 23. Qb1 Nc4 24. Qd1 a5 25. Nd3 Nd5 26. Nf4 Nxf4 27. Bxf4 Nb2
28. Qd2 Qxf3 29. Bd1 Nxd1 30. Raxd1 Re4 31. Bg3 Bxd4 32. Qxd4 Rxd4 33. Rxd4 d5
34. Rfd1 Re8 35. Rxd5 Re1+ 36. Rxe1 Qxd5 37. Be5 g5 0-1

[Event "Elit(Rockaden,Umea-Vasteras)"]
[Site "?"]
[Date "2010.02.28"]
[Round "8"]
[White "Sjodahl, Pontus"]
[Black "Eriksson, Jorgen"]
[Result "1-0"]
[WhiteElo "2466"]
[BlackElo "2319"]
[PlyCount "75"]

1. d4 Nf6 2. c4 e6 3. Nf3 Bb4+ 4. Nbd2 d5 5. Qc2 O-O 6. g3 Nc6 7. Bg2 dxc4 8.
Qxc4 Ne4 9. e3 Qd5 10. Qxd5 exd5 11. a3 Be7 12. Nxe4 dxe4 13. Nd2 f5 14. f3
exf3 15. Bxf3 Bd7 16. Kf2 Rad8 17. b4 Be6 18. b5 Na5 19. Bb2 c5 20. bxc6 Nxc6
21. Bc3 Bd5 22. Rhb1 Bxf3 23. Nxf3 Rd7 24. a4 Bf6 25. Rb5 g6 26. Rab1 b6 27. a5
Nxa5 28. Bxa5 bxa5 29. Rxa5 Rff7 30. h3 Rfe7 31. Rbb5 Kf7 32. Ra2 h5 33. h4 Rc7
34. Rb3 Red7 35. Ne1 Rb7 36. Rba3 Be7 37. Ra6 Bd8 38. Nd3 1-0

[Event "Elit(Rockaden,Umea-Vasteras)"]
[Site "?"]
[Date "2010.02.28"]
[Round "8"]
[White "Forsberg, Viktor"]
[Black "Eriksson, Anders"]
[Result "1/2-1/2"]
[WhiteElo "2351"]
[BlackElo "2362"]
[PlyCount "173"]

1. Nf3 Nf6 2. g3 g6 3. Bg2 Bg7 4. O-O O-O 5. c4 c5 6. Nc3 Nc6 7. d4 cxd4 8.
Nxd4 Nxd4 9. Qxd4 d6 10. Qd3 Bf5 11. e4 Be6 12. Bd2 Nd7 13. b3 a6 14. Rac1 Rb8
15. Qe2 Nc5 16. Rfd1 Bd7 17. Be3 b6 18. f4 Qc8 19. Nd5 Re8 20. Qf2 a5 21. Bd4
Bxd4 22. Qxd4 Bc6 23. e5 Bxd5 24. cxd5 Qa6 25. Bf1 b5 26. e6 Qb6 27. exf7+ Kxf7
28. Kg2 Nd7 29. Qe4 Nf6 30. Qe6+ Kf8 31. Rc6 Qa7 32. Be2 Qd7 33. Bg4 Qxe6 34.
Bxe6 b4 35. Kf3 h5 36. h3 a4 37. Rd4 axb3 38. axb3 Rb5 39. g4 hxg4+ 40. hxg4
Rd8 41. Rcc4 Rdb8 42. g5 Nh5 43. f5 Ng7 44. Rh4 Nxe6 45. fxe6 Kg8 46. Ke4 Ra5
47. Rh6 Ra1 48. Rxg6+ Kh7 49. Rh6+ Kg7 50. Rc7 Re1+ 51. Kd3 Rd1+ 52. Ke2 Rxd5
53. Rxe7+ Kg8 54. Rg6+ Kh8 55. Rgg7 Re5+ 56. Kd2 Rxe6 57. Rh7+ Kg8 58. Rxe6
Kxh7 59. Rxd6 Rb5 60. g6+ Kg7 61. Rc6 Rg5 62. Rb6 Rg4 63. Kd3 Rh4 64. Re6 Rg4
65. Re4 Rg3+ 66. Kc4 Kxg6 67. Kxb4 Kf5 68. Re1 Rg8 69. Re3 Kf4 70. Re6 Kf5 71.
Rd6 Ke5 72. Kc5 Rg1 73. Rb6 Rc1+ 74. Kb5 Kd5 75. b4 Ra1 76. Rb7 Kd6 77. Kb6 Rb1
78. b5 Rb2 79. Rb8 Kd7 80. Rb7+ Kc8 81. Rc7+ Kd8 82. Rc5 Kd7 83. Ka6 Ra2+ 84.
Kb7 Kd6 85. Rc6+ Kd7 86. Ra6 Rb2 87. b6 1/2-1/2

[Event "Elit(Rockaden,Umea-Vasteras)"]
[Site "?"]
[Date "2010.02.28"]
[Round "8"]
[White "Akesson, Ralf"]
[Black "Hammar, Ulf"]
[Result "1-0"]
[WhiteElo "2504"]
[BlackElo "2270"]
[PlyCount "91"]

1. d4 d5 2. c4 c6 3. Nf3 Nf6 4. e3 Bg4 5. h3 Bxf3 6. Qxf3 e6 7. Nc3 Bb4 8. Bd3
Nbd7 9. O-O O-O 10. Rd1 Nb6 11. Qe2 dxc4 12. Bxc4 Bxc3 13. bxc3 Ne4 14. Bb2
Nxc4 15. Qxc4 Qd5 16. Qb3 Nd6 17. Ba3 Rfd8 18. Bxd6 Qxb3 19. axb3 Rxd6 20. c4
Kf8 21. Ra5 a6 22. Rda1 Ke7 23. g4 Rh8 24. Kg2 Rdd8 25. Kg3 f6 26. h4 Kd6 27.
Kf4 Rdf8 28. f3 Rf7 29. Ke4 Re8 30. b4 Rfe7 31. f4 g6 32. Rg1 Ra8 33. Ra2 b6
34. c5+ bxc5 35. bxc5+ Kc7 36. Rga1 Kb7 37. Rb1+ Kc7 38. Rba1 e5 39. dxe5 fxe5
40. f5 Rb8 41. Rxa6 gxf5+ 42. gxf5 Rb4+ 43. Kf3 Kd7 44. Ra8 Rb7 45. R1a7 Kc7
46. Ke4 1-0

[Event "Elit(Rockaden,Umea-Vasteras)"]
[Site "?"]
[Date "2010.02.28"]
[Round "8"]
[White "Malmstig, Erik"]
[Black "Norberg, Johan"]
[Result "0-1"]
[WhiteElo "2307"]
[BlackElo "2339"]
[PlyCount "82"]

1. d4 g6 2. Nf3 Bg7 3. g3 Nf6 4. Bg2 O-O 5. O-O d6 6. Nc3 Nbd7 7. a4 a5 8. d5
e5 9. dxe6 fxe6 10. Nd4 Nc5 11. Ndb5 d5 12. Bf4 Ne8 13. e4 e5 14. Bc1 d4 15.
Nb1 c6 16. N5a3 Nd6 17. Re1 Nxa4 18. c3 Nc5 19. cxd4 exd4 20. Qc2 Qb6 21. Nd2
d3 22. Qd1 Be6 23. e5 Nf5 24. Ndc4 Qc7 25. Bf4 Rad8 26. Nd2 Nd4 27. Bf1 b5 28.
Rc1 Qb6 29. Rxc5 Qxc5 30. Bxd3 Qb4 31. Qb1 Nb3 32. Ne4 Rxd3 33. Nc2 Qe7 34. Bg5
Qc7 35. Ne3 Rd4 36. f4 Nd2 37. Nxd2 Rxd2 38. f5 gxf5 39. Ng2 Rxg2+ 40. Kxg2 h6
41. Bf4 Rd8 0-1

[Event "Elit(Rockaden,Umea-Vasteras)"]
[Site "?"]
[Date "2010.02.28"]
[Round "8"]
[White "Nilsson, Andre"]
[Black "Engman, Rickard"]
[Result "0-1"]
[WhiteElo "2216"]
[BlackElo "2321"]
[PlyCount "124"]
[EventDate "2010.??.??"]

1. g3 Nf6 2. Bg2 d5 3. d3 e5 4. Nf3 Nc6 5. O-O Be7 6. a3 O-O 7. b4 e4 8. Nfd2
Bf5 9. Nc3 exd3 10. cxd3 Qd7 11. Re1 Bh3 12. Bh1 a5 13. b5 Nd4 14. a4 Bb4 15.
Bb2 Rfe8 16. e3 Ne6 17. Na2 Be7 18. Nf3 Ng4 19. Rc1 h5 20. Qb3 Nc5 21. Qc2 Qf5
22. e4 dxe4 23. dxe4 Qg6 24. Nd4 Rad8 25. Rcd1 Bf8 26. Nc3 h4 27. Nd5 hxg3 28.
hxg3 Qh7 29. Nf5 Bf1 30. Bf3 Bd3 31. Rxd3 Nxd3 32. Re2 Nge5 33. Bg2 Nb4 34.
Nxb4 axb4 35. Ne3 Nd3 36. Ba1 b3 37. Qb1 b2 38. Bxb2 Nxb2 39. Qxb2 Bc5 40. Nf1
Qg6 41. Qc3 Qb6 42. Rc2 Bd4 43. Qb4 Re5 44. Rd2 c5 45. Qb3 Qa5 46. Qc4 Ra8 47.
Rxd4 cxd4 48. Qxd4 Re6 49. Ne3 Qxa4 50. Qd5 Qa1+ 51. Nf1 Qb2 52. Qxb7 Ra2 53.
Qc8+ Kh7 54. Qc5 Rf6 55. Bf3 Qa3 56. Qh5+ Kg8 57. Ne3 Qb2 58. Nd1 Ra1 59. Qg5
Rxd1+ 60. Bxd1 Qxf2+ 61. Kh1 Qf1+ 62. Kh2 Rf2# 0-1

[Event "Elit(Rockaden,Umea-Vasteras)"]
[Site "?"]
[Date "2010.02.28"]
[Round "8"]
[White "Wickstrom, Lucas"]
[Black "Sandberg, Richard"]
[Result "0-1"]
[WhiteElo "2301"]
[BlackElo "2270"]
[PlyCount "72"]

1. d4 d6 2. Nf3 g6 3. c4 Bg7 4. e4 Nf6 5. Nc3 O-O 6. Be2 e5 7. O-O Na6 8. Be3
Ng4 9. Bg5 Qe8 10. dxe5 Nxe5 11. Nxe5 Qxe5 12. f4 Qd4+ 13. Kh1 Qxd1 14. Raxd1
Re8 15. Bf3 Bxc3 16. bxc3 Nc5 17. e5 dxe5 18. fxe5 c6 19. Rfe1 Be6 20. Rd4 Bf5
21. g4 Bc2 22. Bf6 a5 23. Re2 Bb1 24. Kg1 a4 25. a3 Ra6 26. Rb2 Bd3 27. Kf2
Bxc4 28. Rxc4 Nd3+ 29. Ke3 Nxb2 30. Rb4 c5 31. Rf4 b5 32. g5 Nc4+ 33. Ke4 Nxa3
34. h4 Nc4 35. h5 Nxe5 36. Bxe5 Rae6 0-1

[Event "Elit(Rockaden,Umea-Vasteras)"]
[Site "?"]
[Date "2010.02.28"]
[Round "8"]
[White "Norberg, Erik"]
[Black "Mardell, Jimmy"]
[Result "0-1"]
[WhiteElo "2246"]
[BlackElo "2160"]
[PlyCount "92"]

1. g3 Nf6 2. Bg2 c5 3. c4 d5 4. cxd5 Nxd5 5. Nf3 Nc6 6. O-O e5 7. d3 Be7 8. Nc3
Nc7 9. Be3 O-O 10. Na4 b6 11. Rc1 f6 12. a3 Bd7 13. Nd2 Qe8 14. Nc3 Rd8 15. f4
exf4 16. Bxf4 Ne6 17. Nd5 Nxf4 18. Nxf4 Bd6 19. Nc4 Bxf4 20. Rxf4 Nd4 21. e3
Ba4 22. Qf1 Ne6 23. Rf2 Bc6 24. b4 Bxg2 25. Rxg2 cxb4 26. axb4 Qd7 27. Rd2 Rfe8
28. Re1 Qb5 29. Ra2 Re7 30. Rb2 Qd5 31. Rd2 Ng5 32. e4 Qd4+ 33. Kg2 b5 34. Ne3
Rxe4 35. dxe4 Qxd2+ 36. Re2 Qxb4 37. Nd5 Qd6 38. Nf4 a5 39. Qb1 Qc5 40. h4 Nf7
41. Qa2 Qc4 42. Qb2 Ne5 43. Nd5 b4 44. h5 h6 45. Qd2 Kh8 46. Re1 f5 0-1

[Event "Elit(Rockaden,Umea-Vasteras)"]
[Site "?"]
[Date "2010.02.28"]
[Round "8"]
[White "Lindgren, Fredrik"]
[Black "Janse, Rasmus"]
[Result "1-0"]
[WhiteElo "2242"]
[BlackElo "2241"]
[PlyCount "91"]

1. Nf3 g6 2. e4 Bg7 3. c3 d5 4. exd5 Qxd5 5. d4 Bg4 6. Be2 c6 7. h3 Bf5 8. Bf4
Nd7 9. Nbd2 e5 10. Bc4 Qd6 11. Nxe5 Nxe5 12. Bxe5 Bxe5 13. Qe2 f6 14. dxe5 Qxe5
15. Qxe5+ fxe5 16. O-O-O O-O-O 17. Nf3 Nf6 18. Nxe5 Rhe8 19. Nf7 Rxd1+ 20. Rxd1
Kc7 21. Nd6 Rd8 22. Nxf5 Rxd1+ 23. Kxd1 gxf5 24. Ke2 Kd6 25. Ke3 Ke5 26. f4+
Kd6 27. Kf3 b5 28. Bd3 Ke6 29. g4 fxg4+ 30. hxg4 h6 31. Bc2 c5 32. Bd3 c4 33.
Bf5+ Kd5 34. g5 hxg5 35. fxg5 Nh5 36. Bd7 a6 37. Kg4 Ng7 38. g6 Kd6 39. Bc8 a5
40. Kg5 b4 41. Kf6 Nh5+ 42. Kf7 a4 43. a3 bxa3 44. bxa3 Ke5 45. Be6 Ke4 46.
Bxc4 1-0

[Event "Elit(Eksjo-Rockaden,Umea)"]
[Site "?"]
[Date "2010.03.12"]
[Round "9"]
[White "Forsberg, Viktor"]
[Black "Cicak, Slavko"]
[Result "1/2-1/2"]
[WhiteElo "2351"]
[BlackElo "2574"]
[PlyCount "60"]
[SourceDate "2010.03.15"]

1. Nf3 c5 2. c4 b6 3. g3 Bb7 4. Bg2 g6 5. O-O Bg7 6. Nc3 Nc6 7. d3 Nf6 8. Bg5
d6 9. a3 h6 10. Bd2 O-O 11. Rb1 Qd7 12. b4 Nd4 13. e3 Nxf3+ 14. Bxf3 Bxf3 15.
Qxf3 Ng4 16. Qe2 f5 17. f3 Ne5 18. b5 g5 19. f4 Ng4 20. e4 gxf4 21. Rxf4 Ne5
22. Rbf1 fxe4 23. Qxe4 e6 24. Rxf8+ Rxf8 25. Rxf8+ Kxf8 26. Kg2 Kg8 27. Qa8+
Kh7 28. Qe4+ Kg8 29. Qa8+ Kf7 30. Qe4 Kg8 1/2-1/2

[Event "Elit(Eksjo-Rockaden,Umea)"]
[Site "?"]
[Date "2010.03.12"]
[Round "9"]
[White "de Verdier, Michael"]
[Black "Eriksson, Jorgen"]
[Result "1-0"]
[WhiteElo "2356"]
[BlackElo "2319"]
[PlyCount "119"]

1. Nf3 d5 2. d4 c6 3. c4 e6 4. e3 Nf6 5. b3 Ne4 6. Bd3 Nd7 7. O-O Bd6 8. Ba3
Bxa3 9. Nxa3 O-O 10. b4 Qe7 11. Nc2 e5 12. Bxe4 dxe4 13. Nxe5 Nxe5 14. dxe5 Rd8
15. Nd4 c5 16. bxc5 Qxc5 17. Qc2 Qxe5 18. c5 Be6 19. Rfc1 Bd5 20. a4 a5 21.
Rab1 h6 22. Qc3 Ra6 23. Rb6 Rda8 24. h3 Kh7 25. Nb5 Qxc3 26. Rxc3 Bc6 27. Rxa6
bxa6 28. Nd4 Rc8 29. g4 Bxa4 30. c6 Rc7 31. Ra3 Bb5 32. Rxa5 Rc8 33. Kg2 g6 34.
Kg3 g5 35. Ra3 Rc7 36. Rc3 f6 37. Rc5 Kg8 38. h4 Kh7 39. Rf5 Bxc6 40. Rc5 gxh4+
41. Kxh4 a5 42. Rxc6 Rxc6 43. Nxc6 a4 44. Nb4 Kg6 45. Nc2 f5 46. Nd4 a3 47.
gxf5+ Kf6 48. Kg4 a2 49. Nc2 Ke5 50. f6 Kxf6 51. Kf4 h5 52. Kxe4 Kg5 53. Kf3
Kf5 54. e4+ Kg5 55. Na1 h4 56. Kg2 Kf4 57. f3 Ke5 58. Kh3 Kd4 59. Kxh4 Kc3 60.
e5 1-0

[Event "Elit(Eksjo-Rockaden,Umea)"]
[Site "?"]
[Date "2010.03.12"]
[Round "9"]
[White "Wickstrom, Lucas"]
[Black "Vernersson, Per"]
[Result "1/2-1/2"]
[WhiteElo "2301"]
[BlackElo "2443"]
[PlyCount "82"]

1. d4 d5 2. c4 e6 3. Nc3 Be7 4. Nf3 Nf6 5. Bg5 O-O 6. e3 Nbd7 7. Rc1 a6 8. cxd5
exd5 9. Bd3 c6 10. O-O Re8 11. h3 Nh5 12. Bxe7 Qxe7 13. Re1 Nhf6 14. e4 dxe4
15. Nxe4 Qf8 16. Nfd2 Nd5 17. Nc4 N7f6 18. Qf3 Nxe4 19. Rxe4 Rxe4 20. Qxe4 Nf6
21. Qe5 Be6 22. Nd6 Qe7 23. Nf5 Qd8 24. Re1 Bxf5 25. Bxf5 g6 26. Bc2 Kg7 27.
Re3 Qd7 28. Rf3 Qe6 29. Bb3 Qxe5 30. dxe5 Nd5 31. Bxd5 cxd5 32. Rc3 Re8 33. f4
Re7 34. Kf2 f6 35. Rc5 fxe5 36. fxe5 Kf7 37. Rxd5 Ke6 38. Rc5 Kf5 39. Kf3 Rxe5
40. Rxe5+ Kxe5 41. Ke3 h5 1/2-1/2